000 00735nam a2200241 a 4500
999 _c12236
_d12236
001 12236
003 BD-JhCC
005 20210829124639.0
008 210829b2018 bg a|||| ||a| 001 0 ben d
020 _a9789847764160
035 _a(BD-JhCC)12236
040 _aBD-JhCC
_dBD-JhCC
041 _abengali
082 _222
_a791.43023309
_bARI 2018
082 _aKurosawa, Akira
100 _aআরিফ, রুদ্র
245 _aকুরোসাওয়ার আত্মজীবনী /
_cরুদ্র আরিফ।
260 _aঢাকা:
_bঐতিহ্য;
_c২০১৮.
300 _a288 p. :
_bill;
_c22 cm.
650 _aMotion picture produces and directors.
942 _2ddc
_cBK